| 000 | 01232nam a2200325 a 4500 | ||
|---|---|---|---|
| 001 | 000007137 | ||
| 003 | DO-SdBNP | ||
| 005 | 20240312114851.0 | ||
| 007 | 000007137 | ||
| 008 | 090717s2017 mx 001 0 spa d | ||
| 020 | _z9786071653901 | ||
| 040 |
_aBPMSU _bspa _cBPMSU |
||
| 082 | 4 |
_a320.97291 _bR696d 2017 _222 |
|
| 100 | 1 |
_aRodríguez Arechavaleta, Carlos Manuel, _d1968- |
|
| 245 | 1 | 0 |
_aLa democracia republicana en Cuba 1940-1952 : _b actores, reglas y estrategias electorales / _c Carlos Manuel Rodríguez Arechavaleta ; prólogo Josep M. Colomer |
| 260 |
_aMéxico : _bFondo de Cultura Económica, _c2017 |
||
| 300 |
_a388 p. ; _c21 cm. _b |
||
| 490 | 0 | _aSección de obras de política y derecho | |
| 500 | _aIncluye datos biogràficos del autor en la solapa de la cubierta | ||
| 504 | _aIncluye referencias bibliográficas (páginas 379-388) | ||
| 590 | _aInventariado, 2024/VM | ||
| 650 | 4 |
_aDemocracia _zCuba |
|
| 650 | 4 |
_aElecciones _zCuba. |
|
| 651 | 4 |
_aCuba _xPolítica y gobierno _y1940-1952. |
|
| 651 | 4 |
_aCuba _xHistoria _y1940-1952. |
|
| 700 | 1 |
_aColomer, Josep M _epról. |
|
| 710 | 2 | _aFondo de Cultura Económica (México) | |
| 910 | _aVMateo V. Control de calidad BPMSU | ||
| 942 |
_2ddc _cBK |
||
| 999 |
_c14584 _d14584 |
||